CAD Špeciálnych rezných nástrojov (preťahovacie nástroje) (CAD of special cutting tools (broaching tools))[CD-ROM] : bakalárska práca

Guardado en:
Detalles Bibliográficos
Autor principal: Nguyen, Jaroslav, 1986- (Autor)
Otros Autores: Onderová , Iveta (xxx)
Formato: Manuscrito Libro
Lenguaje:eslovaco
Publicado: Bratislava : STU v Bratislave SjF, 2009
Edición:1.vyd
Materias:
Etiquetas: Agregar Etiqueta
Sin Etiquetas, Sea el primero en etiquetar este registro!

MARC

LEADER 00000ntm a22000003a 4500
001 stu196720
005 20150617230019.1
008 091207s2009----xo------------------slo-d
040 |a STU  |b slo 
041 0 |a slo 
044 |a xo 
100 1 |a Nguyen, Jaroslav,  |d 1986-  |4 aut  |u J0070  |9 100  |U SjF Strojnícka fakulta  |T SjF Ústav výrobných systémov, enviromentálnej techniky a manažment kvality  |X 41342  |U J0070  |Y 804  |7 A000041342 
245 1 |a CAD Špeciálnych rezných nástrojov (preťahovacie nástroje) (CAD of special cutting tools (broaching tools))[CD-ROM] :  |b bakalárska práca 
250 |a 1.vyd 
260 |a Bratislava :  |b STU v Bratislave SjF,  |c 2009 
300 |a 59 s 
650 7 |a preťahovacie nástroje  |2 stusub 
650 7 |a výpočet  |2 stusub 
650 7 |a calculation  |2 estusub 
650 7 |a extruding tools  |2 estusub 
700 1 |a Onderová , Iveta  |4 xxx  |X  46392  |7  46392 
996 |b 284J035833  |c J*443/BP  |l JJSK  |s A  |a 24  |w stu196720_0001